| 000 | 003070000a22000970004500 | ||
|---|---|---|---|
| 100 | 1 | _aPeña, Bernardo Alberto | |
| 245 | 1 | 0 | _aEn Gran Bretaña piden vetar carbón de Colombia. Los niños sí trabajan en las minas |
| 300 | _aVol. 33, Num. 33 (Enero, 1994), Páginas 50-51 | ||
| 773 | 0 | _tCambio 16 | |
| 942 | _cANA | ||
| 999 |
_c58375 _d58375 |
||